1161 1886 1555 1000 1280 1004 1501 1681 1815 1334 1324 1232 1258 1893 1678 1116 1393 1874 1800 1025 1151 1588 1857 1783 1394 1051 1608 1983 1195 1153 1197 1713 1271 1539 1460 1150 1595 1263 1007 1122 1162 1120 1458 1637 1978 1527 1059 1767 1826 1402 1871 1898 1291 1917 1207 1701 1213 1140 1924 1324 1566 1076 1091 1957 1149 1204 1912 1485 1262 1501 1441 1839 1021 1325 1756 1847 1501 1948 1767 1510 1263 1936 1816 1377 1823 1548 1079 1918 1366 1047 1892 1443 1817 1986 1296 1499 1210 1735 1856 BCNSPRNW ULIB Ver.6.0+V

เปลี่ยนเป็นภาษาไทย

Change to English
 แสดงรายละเอียดบรรณานุกรม
  กลับหน้าหลัก

Brief Record : Get Marc (ISO 2709) : E-mail record : QR code < ปิดหน้าต่าง
LEADER : 00000nam 2200000uu 4500
001    13399127175
003     ULIB
008    191018s2561||||th 000 0 tha d
020    ^a9786168013137
050  4 ^aPZ90.T5^bพ829ส
100    ^aพุทธทาส อินทปัญโญ
245 10 ^aสงสัยมั้ย? ธรรมะ พุทธทาส ฉบับ ธรรมะแท้แกะเปลือก
250    ^aพิมพ์ครั้งที่ 1
260    ^aกรุงเทพฯ :^bแอสมีเดีย จำกัด,^c2561
300    ^a159 หน้า
650  4 ^aธรรมะ
945    ^p165^l0^i006361
999    ^aประนอม เกษจรัล
รายการนี้ยังไม่มีแท็ก
คุณยังไม่ได้ล็อกอิน คุณสามารถมีกิจกรรมร่วมกับเว็บไซต์ได้ แต่ต้องล็อกอินก่อน ::
  ล็อกอิน

รายการสื่อสารสนเทศ

ลำดับที่ ประเภท เลขเรียก/บาร์โค้ด สถานที่ สถานะ
1. การศึกษาทั่วไป
การศึกษาทั่วไป
PZ90.T5 พ829ส ฉ.1 
  Barcode: 006361
ห้องสมุดวิทยาเขตสวรรค์ประชารักษ์
►หนังสือทั่วไป
บนชั้น

รายการใกล้เคียง
    หัวเรื่อง [ธรรมะ]

BibComment


ยังไม่เคยถูกคอมเมนท์

คอมเมนท์ทรัพยากรรายการนี้
  คอมเมนท์: สงสัยมั้ย ธรรมะ ..


 Copyright 2026. Bcnsprnw @Library